Degrassi TNG characters by picture 2 - Statistics

General Stats
  • This quiz has been taken 34 times
  • The average score is 12 of 16
Answer Stats
Picture Answer % Correct
Holly J
97%
Fiona
93%
Anya
90%
Sav
90%
Darcy
87%
Riley
87%
Mia
83%
Peter
83%
Jane
80%
Danny
70%
Derek
70%
Owen
70%
Zane
67%
Bruce
63%
Chantay
60%
Leia
43%
No matching quizzes found
Score Distribution
Percent of People with Each Score
Percentile by Number Answered
Your Score History
You have not taken this quiz